000
00268 a2200097 4500
001
125544
040
_c
Escola Canadense de Niteroi
100
_a
Antunes, Celso
245
1
0
_a
Professor Bonzinho = Aluno Difícil - A Questão Da Indisciplina Em Sala De Aula
942
_c
REF
999
_c
125544
_d
125544